000 00503nam a2200181Ia 4500
005 20250508155502.0
008 008 250505s9999 xx 000 0 eng d
037 _aBooks to be hide in OPAC
040 _aFEDL
_beng
_cFEDL
041 _aeng
_2eng
084 _a378.973, UNI/O
_qFEDL
100 _aMaciver R M
245 0 _aRamparts we guard
260 _aNew York, USA
_bThe Macmillan Company
_c1960
300 _a152p.
942 _cHB
_h378.973, UNI/O
999 _c1357234
_d1357234